[Event "ch-IND National A"]
[Site "Calicut IND"]
[Date "2003.12.06"]
[Round "5"]
[White "Sundararajan,K"]
[Black "Kunte,A"]
[Result "1/2-1/2"]
[WhiteElo "2446"]
[BlackElo "2535"]

1.d4 Nf6 2.c4 e6 3.Nc3 Bb4 4.Qc2 O-O 5.a3 Bxc3+ 6.Qxc3 d6 7.Bg5 Nbd7 8.e3 b6
9.Ne2 Ba6 10.Qc2 h6 11.Bh4 c5 12.Rd1 Qc7 13.Qa4 Bb7 14.Nc3 a6 15.dxc5 Qxc5
16.Qb4 d5 17.cxd5 exd5 18.Be2 Qxb4 19.axb4 d4 20.Rxd4 Bxg2 21.Rg1 Bh3 22.Bxf6  1/2-1/2

[Event "TCh-BEL 2003-4"]
[Site "Belgium BEL"]
[Date "2003.12.08"]
[Round "4"]
[White "Defize,A"]
[Black "Docx,S"]
[Result "1-0"]
[WhiteElo "2276"]
[BlackElo "2334"]

1.d4 Nf6 2.c4 e6 3.Nc3 Bb4 4.Qc2 O-O 5.a3 Bxc3+ 6.Qxc3 b6 7.Bg5 Ba6 8.e3 d6
9.Bd3 Nbd7 10.b4 c5 11.dxc5 dxc5 12.Nf3 Qe7 13.O-O Rfc8 14.b5 Bb7 15.Rfd1 a6
16.a4 axb5 17.axb5 Rxa1 18.Rxa1 Ra8 19.Rxa8+ Bxa8 20.Ne5 h6 21.Bf4 Nh5 22.Qa1 Bb7
23.Qa7 Nxf4 24.exf4 Nxe5 25.Qb8+ Qf8 26.Bh7+  1-0

[Event "Attila Schneider Mem"]
[Site "Budapest HUN"]
[Date "2003.12.09"]
[Round "9"]
[White "Anka,E"]
[Black "Galyas,M"]
[Result "1/2-1/2"]
[WhiteElo "2432"]
[BlackElo "2435"]

1.d4 Nf6 2.c4 e6 3.Nc3 Bb4 4.Qc2 O-O 5.a3 Bxc3+ 6.Qxc3 Ne4 7.Qc2 f5 8.Nh3 d6
9.f3 Nf6 10.Bg5 e5 11.e3 Nc6 12.O-O-O Qe8 13.Bh4 a5 14.Bf2 a4 15.Bd3 e4 16.Be2 Na5
17.Nf4 Bd7 18.Kb1 Rb8 19.Nd5 b5 20.Nxf6+ Rxf6 21.fxe4 fxe4 22.Be1 Nxc4 23.Bxc4+ bxc4
24.Qxc4+ Qf7 25.Qxf7+ Rxf7 26.d5 Rb3 27.Bc3 Rb8 28.Rhf1 Rxf1 29.Rxf1 Bb5
30.Rc1 Bd3+ 31.Ka1 Rf8 32.Ba5 Rf5 33.Bxc7  1/2-1/2

[Event "II Open"]
[Site "San Salvador ESA"]
[Date "2003.12.10"]
[Round "2"]
[White "Carranza,I"]
[Black "Mitkov,N"]
[Result "0-1"]
[WhiteElo "2126"]
[BlackElo "2530"]

1.d4 Nf6 2.c4 e6 3.Nc3 Bb4 4.Qc2 O-O 5.e3 d5 6.Bd3 Nc6 7.Nf3 a6 8.O-O dxc4
9.Bxc4 Bd6 10.a3 e5 11.d5 Ne7 12.b4 Ng6 13.Bb2 Qe7 14.Ng5 Bd7 15.Nge4 Rae8
16.Nxd6 cxd6 17.e4 Rc8 18.Bd3 Nf4 19.f3 N6h5 20.Rf2 Qg5 21.Kh1 Nxd3 22.Qxd3 Nf4
23.Qd2 Qg6 24.Qe3 Rc7 25.a4 Rfc8 26.b5 h5 27.g3 Nh3 28.Rg2 Rc4 29.Rf1 Ng5
30.h4 Nh7 31.Rff2 f5 32.bxa6 bxa6 33.Qa7 Nf6 34.Qe3 fxe4 35.Nxe4 Nxe4 36.fxe4 Rxe4
37.Qd2 Rxa4  0-1

[Event "RUS-UKR Blitz g/3"]
[Site "bereg.ru INT"]
[Date "2003.12.14"]
[Round "7"]
[White "Shipov,S"]
[Black "Baklan,V"]
[Result "1/2-1/2"]
[WhiteElo "2589"]
[BlackElo "2600"]

1.d4 Nf6 2.c4 e6 3.Nc3 Bb4 4.Qc2 O-O 5.a3 Bxc3+ 6.Qxc3 b5 7.cxb5 c6 8.Bg5 cxb5
9.f3 d5 10.e3 a6 11.Bd3 Bb7 12.Qc2 h6 13.Bh4 Nbd7 14.Ne2 Rc8 15.Qd1 Qa5+
16.Qd2 Qb6 17.O-O e5 18.Kh1 e4 19.Bb1 Rfe8 20.Nc3 Qe6 21.fxe4 Nxe4 22.Bxe4 dxe4
23.d5 Qg6 24.d6 Re6 25.Rad1 Rc5 26.Ne2 Qg4 27.Bg3 Rd5 28.Qc2 Rc5 29.Qd2 Rd5
30.Nd4 Rg6 31.Qe2 Qg5 32.Bf4 Qh4 33.Nb3 Rd3 34.Nc1 Rxd1 35.Rxd1 Re6 36.Nb3 Qf6
37.h3 Re8 38.Rc1 Qe6 39.Nd4 Qd5 40.Qg4 Nf6 41.Qf5 Rd8 42.Rc7 Qxf5 43.Nxf5 Bd5
44.Ne7+ Kh7 45.Be5 Nd7 46.Bxg7 Kxg7 47.Nxd5 Ne5 48.Re7 Ng6 49.Rxe4 Rxd6 50.Nf4 Rd2
51.Nh5+ Kf8 52.b4 Rd3 53.Nf6 Rxa3 54.Nd7+ Kg7 55.Nc5 a5 56.bxa5 Rxa5  1/2-1/2

[Event "RUS-UKR Blitz g/3"]
[Site "bereg.ru INT"]
[Date "2003.12.14"]
[Round "8"]
[White "Belov,Vl"]
[Black "Zontakh,A"]
[Result "0-1"]
[WhiteElo "2553"]
[BlackElo "2531"]

1.d4 Nf6 2.c4 e6 3.Nc3 Bb4 4.Qc2 O-O 5.a3 Bxc3+ 6.Qxc3 b6 7.Nf3 Bb7 8.e3 d6
9.Be2 Nbd7 10.b4 c5 11.O-O Qe7 12.dxc5 bxc5 13.Bb2 a5 14.b5 a4 15.Rfd1 Nb6
16.Nd2 e5 17.Qc2 Rac8 18.Nf1 d5 19.cxd5 Bxd5 20.f3 Bb3 21.Qc3 Bxd1 22.Rxd1 e4
23.f4 Rfd8 24.g4 Rxd1 25.Bxd1 Rd8 26.Be2 Ne8 27.Ng3 Nd5 28.Qc1 Qa7 29.Nxe4 Qe7
30.Bf3 Ndf6 31.Qxc5 Qxc5 32.Nxc5 Rb8 33.Bc6 Nxg4 34.Nxa4 Nd6 35.Be5 Nxe5
36.fxe5 Nxb5 37.Bd5 Nxa3 38.e6 fxe6 39.Bxe6+ Kh8 40.Nc3 Re8 41.Bd5 Rxe3 42.Ne4 Rd3
43.Bc6 Nc4 44.Kf2 Ne5 45.Bb7 Ng4+ 46.Kg2 Rb3 47.Bc6 Rb2+ 48.Kg3 Ne5 49.Bd5 h6
50.h4 g6 51.Kf4 Nd3+ 52.Ke3 Nb4 53.Bc4 Rh2 54.Nd6 Rxh4 55.Kf3 Kg7 56.Bb3 Rd4  0-1

[Event "FSIM December"]
[Site "Budapest HUN"]
[Date "2003.12.15"]
[Round "10"]
[White "Varga,Cs2"]
[Black "Humphrey,J"]
[Result "1-0"]
[WhiteElo "2303"]
[BlackElo "2217"]

1.d4 Nf6 2.c4 e6 3.Nc3 Bb4 4.Qc2 O-O 5.a3 Bxc3+ 6.Qxc3 b5 7.cxb5 c6 8.a4 a6
9.bxa6 Nd5 10.Qd2 Bxa6 11.Nf3 Qb6 12.Ra3 c5 13.e4 Nf6 14.dxc5 Qxc5 15.b4 Qc7
16.Bb2 Nxe4 17.Qd4 Nf6 18.b5 Bb7 19.Ne5 d6 20.Ng4 Nbd7 21.Nxf6+ Nxf6 22.Qxf6  1-0

[Event "3rd NAO GM"]
[Site "Paris FRA"]
[Date "2003.12.15"]
[Round "1"]
[White "Vandevoort,P"]
[Black "Maze,S"]
[Result "0-1"]
[WhiteElo "2363"]
[BlackElo "2464"]

1.d4 Nf6 2.c4 e6 3.Nc3 Bb4 4.Qc2 O-O 5.a3 Bxc3+ 6.Qxc3 d6 7.Bg5 Nbd7 8.e3 b6
9.Ne2 Bb7 10.Qd3 Re8 11.Nc3 e5 12.O-O-O h6 13.Bh4 a6 14.d5 b5 15.Qc2 bxc4
16.Bxc4 Nb6 17.Bb3 Rc8 18.f4 c6 19.dxc6 Rxc6 20.Rhf1 Nc4 21.fxe5 Rxe5 22.Bxf6 gxf6
23.Rf4 Rec5 24.Rdd4 Ne5 25.Bxf7+ Kxf7 26.Qh7+ Ke6 27.Qxb7 Qa5 28.Qb3+ d5
29.Kd2 Nc4+ 30.Ke2 Rb6 31.Qa4 Rxb2+ 32.Kf3 Ne5+ 33.Kg3 Qd8 34.Qxa6+ Rc6 35.Qa5 Qxa5  0-1

[Event "3rd NAO GM"]
[Site "Paris FRA"]
[Date "2003.12.17"]
[Round "3"]
[White "Vandevoort,P"]
[Black "Pira,D"]
[Result "1-0"]
[WhiteElo "2363"]
[BlackElo "2403"]

1.d4 Nf6 2.c4 e6 3.Nc3 Bb4 4.Qc2 O-O 5.a3 Bxc3+ 6.Qxc3 b6 7.Bg5 h6 8.Bh4 Bb7
9.e3 d6 10.Ne2 Nbd7 11.Qd3 c5 12.Nc3 Qe7 13.Rd1 Rad8 14.Be2 Bxg2 15.Rg1 Bb7
16.e4 Kh8 17.Qh3 Rg8 18.Bg5 cxd4 19.Rxd4 Nf8 20.Bc1 e5 21.Rd3 Nxe4 22.Bxh6 gxh6
23.Qxh6+ Nh7 24.Qxh7+  1-0

[Event "Christmas Open"]
[Site "Zadar CRO"]
[Date "2003.12.18"]
[Round "5"]
[White "Rezan,S"]
[Black "Zelcic,R"]
[Result "0-1"]
[WhiteElo "2381"]
[BlackElo "2552"]

1.d4 Nf6 2.c4 e6 3.Nc3 Bb4 4.Qc2 O-O 5.a3 Bxc3+ 6.Qxc3 Ne4 7.Qc2 f5 8.e3 b6
9.Ne2 Bb7 10.f3 Qh4+ 11.g3 Qh5 12.Bg2 Nf6 13.O-O d6 14.Nf4 Qe8 15.d5 exd5
16.cxd5 Nxd5 17.Nxd5 Bxd5 18.Qxc7 Nc6 19.Qxd6 Rd8 20.Qf4 Bb3 21.a4 Qe7 22.h4 h6
23.h5 Nb4 24.Ra3 Nd3 25.Qh4 Qe6 26.Bd2 Nxb2 27.Bb4 Rfe8 28.Rb1 Rd1+ 29.Rxd1 Nxd1
30.Qd4 Nxe3 31.Bc3 Re7 32.Ra1 Nxg2 33.Kxg2 Qe2+ 34.Qf2 Bd5 35.a5 Bxf3+ 36.Kg1 Qxf2+
37.Kxf2 Bxh5 38.a6 Re2+ 39.Kf1 Rc2 40.Be5 Rc8 41.Kf2 Be8 42.Rd1 Rc5 43.Bd4 Rd5
44.Ke3 Bb5 45.Rc1 Rd7 46.Ra1 Kf7 47.Be5 g5 48.Bb8 Bc4  0-1

[Event "ch-Arab m"]
[Site "Cairo EGY"]
[Date "2003.12.25"]
[Round "6"]
[White "El Gindy,E"]
[Black "Abdelnabbi,I"]
[Result "1/2-1/2"]
[WhiteElo "2501"]
[BlackElo "2484"]

1.d4 Nf6 2.c4 e6 3.Nc3 Bb4 4.Qc2 O-O 5.a3 Bxc3+ 6.Qxc3 b6 7.Nf3 Ne4 8.Qc2 Bb7
9.g3 d6 10.Bg2 Nf6 11.O-O Nbd7 12.b4 c5 13.dxc5 bxc5 14.Bb2 Qc7 15.b5 Rfd8
16.a4 a6 17.Nd2 Bxg2 18.Kxg2 d5 19.e3 Ng4 20.Nf3 Qb7 21.h3 Ngf6 22.cxd5 Nxd5
23.bxa6 Rxa6 24.e4 N5f6 25.Rfe1 Rda8 26.Bc3 Ne8 27.a5 Nd6 28.Ne5 Nxe5 29.Bxe5 Qc6
30.Bxd6 Qxd6 31.Qc3 Qc6 32.Kg1 h6 33.Rec1 c4 34.Qxc4  1/2-1/2

[Event "Open"]
[Site "Interlaken SUI"]
[Date "2003.12.29"]
[Round "6"]
[White "Stojanovic,Mih"]
[Black "Kwossek,G"]
[Result "1-0"]
[WhiteElo "2506"]
[BlackElo "2110"]

1.d4 Nf6 2.c4 e6 3.Nc3 Bb4 4.Qc2 O-O 5.Nf3 Nc6 6.e4 d5 7.e5 Ne4 8.Bd3 f5
9.exf6 Nxf6 10.Be3 Qe8 11.O-O Qh5 12.Ne2 Ng4 13.Nf4 Qh6 14.h3 Nxe3 15.fxe3 g5
16.cxd5 gxf4 17.dxc6 fxe3 18.Ne5 Qh4 19.Qc4 Bd6 20.Rxf8+ Bxf8 21.Rf1 Bd6
22.cxb7 Bxb7 23.Qxe6+ Kh8 24.Nf7+ Kg7 25.Nxd6  1-0

[Event "2nd Open"]
[Site "Nantes FRA"]
[Date "2003.12.29"]
[Round "6"]
[White "Gerard,N"]
[Black "Delorme,Al"]
[Result "1/2-1/2"]
[WhiteElo "2272"]
[BlackElo "2153"]

1.d4 Nf6 2.c4 e6 3.Nc3 Bb4 4.Qc2 O-O 5.e4 d5 6.e5 Ne4 7.a3 Bxc3+ 8.bxc3 c5
9.Bd3 cxd4 10.cxd4 Qa5+ 11.Kf1 Qc3 12.Rb1 Qxd4 13.Nf3 Qc5 14.Rb5 Qc6 15.Nd4 Qd7
16.cxd5 exd5 17.f3 b6 18.fxe4 dxe4 19.Bxe4 Qxd4 20.Bb2 Qd7 21.Rb4 Ba6+ 22.Kf2 Rc8
23.Bc3 Nc6 24.Bxh7+ Kf8 25.Bf5 Nxb4 26.Bxb4+ Kg8 27.Qe4 Qc6 28.Qxc6  1/2-1/2

[Event "12th Donau Open"]
[Site "Aschach GER"]
[Date "2003.12.30"]
[Round "6"]
[White "Studnicka,T"]
[Black "Knoll,H"]
[Result "1-0"]
[WhiteElo "2320"]
[BlackElo "2364"]

1.d4 Nf6 2.c4 e6 3.Nc3 Bb4 4.Qc2 O-O 5.e4 d5 6.e5 Ne4 7.Bd3 c5 8.cxd5 exd5
9.Ne2 Nc6 10.O-O Bxc3 11.bxc3 cxd4 12.cxd4 Nb4 13.Qb3 Nxd3 14.Qxd3 Bf5 15.Qe3 h6
16.f3 Ng5 17.Ng3 Qd7 18.h4 Nh7 19.Nh5 Rfc8 20.g4 Be6 21.Rf2 Rc6 22.Bd2 Re8
23.Rg2 f6 24.Re1 Bf7 25.Ng3 fxe5 26.dxe5 d4 27.Qf2 Bg6 28.f4 Bd3 29.f5 Qd5
30.e6 Rc2 31.Qf4 Bb5 32.Re5 Qc4 33.g5 hxg5 34.hxg5 d3 35.Ne4 Qd4+ 36.Kh2 Qc4
37.f6 Rxe6 38.f7+ Kf8 39.Rxe6 Rxd2 40.Re8+  1-0

[Event "Open"]
[Site "Lilie Litomysl CZE"]
[Date "2003.12.30"]
[Round "7"]
[White "Stodolova,K"]
[Black "Badacova,I"]
[Result "1-0"]
[WhiteElo "2000"]
[BlackElo "1919"]

1.d4 Nf6 2.c4 e6 3.Nc3 Bb4 4.Qc2 O-O 5.e3 d5 6.Bd3 dxc4 7.Bxc4 c5 8.Nf3 Nc6
9.dxc5 Bxc5 10.a3 Re8 11.O-O a6 12.b4 Bf8 13.Bb2 g6 14.Rac1 Bg7 15.Rfd1 Qe7
16.Ne2 e5 17.Ng5 Rf8 18.Ng3 h6 19.Nf3 Kh7 20.h3 Bd7 21.Bd3 Ng8 22.Qc5 Rad8
23.Qxe7 Ngxe7 24.Bc4 f5 25.Rd2 e4 26.Bxg7 Kxg7 27.Nd4 Ne5 28.Bb3 Kf6 29.Rcd1 N7c6
30.Nxc6 bxc6 31.Ne2 Ke7 32.Nd4 Bc8 33.Ba4 Bb7 34.Rc2 Rd6 35.Rc3 Rfd8 36.Rdc1 Rc8
37.Nb3 Rd3 38.Nc5 Rxc3 39.Rxc3 Rc7 40.Bd1 Kd6 41.Be2 Bc8 42.Nxa6 Bxa6 43.Bxa6 Rd7
44.Kf1 Kc7 45.Rc5 Nd3 46.Bxd3 Rxd3 47.b5 Rxa3 48.Rxc6+ Kb7 49.g3 Rb3 50.Rxg6 Rxb5
51.Rxh6 Kc7 52.Kg2 Kd7 53.g4 Ke7 54.Rh5 Kf6 55.Rxf5+ Rxf5 56.gxf5 Kxf5 57.Kg3  1-0

[Event "Christmas Open"]
[Site "Zurich SUI"]
[Date "2003.12.30"]
[Round "7"]
[White "Roelli,C"]
[Black "Schmid,Mart"]
[Result "0-1"]
[WhiteElo "2017"]
[BlackElo "2147"]

1.d4 Nf6 2.c4 e6 3.Nc3 Bb4 4.Qc2 O-O 5.a3 Bxc3+ 6.Qxc3 Ne4 7.Qc2 f5 8.g3 b6
9.Bg2 Bb7 10.Nf3 Qc8 11.b4 a5 12.Bb2 axb4 13.axb4 Rxa1+ 14.Bxa1 Nc6 15.Qb2 d5
16.c5 b5 17.O-O Qa8 18.Nd2 Qa4 19.Nxe4 fxe4 20.f3 Qxb4 21.Qxb4 Nxb4 22.Rb1 Nc2
23.Rxb5 Bc6 24.Ra5 Rb8 25.Ra6 Rb1+ 26.Bf1 Bb7 27.Rxe6 Rxa1  0-1

[Event "Hilton Chess Festival"]
[Site "Basel SUI"]
[Date "2004.01.02"]
[Round "3"]
[White "Ikonnikov,Vy"]
[Black "Lekic,D"]
[Result "1-0"]
[WhiteElo "2550"]
[BlackElo "2389"]

1.d4 Nf6 2.c4 e6 3.Nc3 Bb4 4.Qc2 O-O 5.a3 Bxc3+ 6.Qxc3 b6 7.g3 Bb7 8.Nf3 Ne4
9.Qc2 f5 10.Bg2 Nf6 11.O-O Be4 12.Qc3 Qe8 13.Rd1 d6 14.Bf1 Bb7 15.b4 Nbd7
16.Bb2 Qh5 17.Bg2 Rae8 18.Rac1 Ne4 19.Qd3 Rf6 20.c5 Bd5 21.cxd6 cxd6 22.Rc7 Rf7
23.Qa6 Ndf6 24.Rdc1 Ng4 25.Qxa7 Ngxf2 26.Rxf7 Qxf7 27.Qxf7+ Kxf7 28.h3 g5
29.Nxg5+ Nxg5 30.Kxf2 Rg8 31.Rc7+ Kf6 32.h4 Ne4+ 33.Bxe4 fxe4 34.Bc1 Kg6
35.Bf4 Ra8 36.Rc3 Rd8 37.a4 h5 38.Rc7 Ra8 39.Bxd6 Rxa4 40.Ke3 Kf5 41.Rf7+ Kg4
42.Rg7+ Kh3 43.Rg5 Ra3+ 44.Kf4 Ra2 45.Rxh5 Rxe2 46.Re5 Rf2+ 47.Kg5 Rg2 48.h5 Kxg3
49.h6 Kf3+ 50.Kf6 Rg1 51.Be7 e3 52.h7  1-0

[Event "10th Open"]
[Site "Bosnjaci CRO"]
[Date "2004.01.03"]
[Round "1"]
[White "Teofilovic,V"]
[Black "Brkic,A"]
[Result "0-1"]
[WhiteElo "2280"]
[BlackElo "2420"]

1.d4 Nf6 2.c4 e6 3.Nc3 Bb4 4.Qc2 O-O 5.a3 Bxc3+ 6.Qxc3 b6 7.Bg5 Bb7 8.f3 h6
9.Bh4 d5 10.e3 Nbd7 11.cxd5 Nxd5 12.Bxd8 Nxc3 13.Bh4 Nd5 14.Bf2 c5 15.Bb5 Rfd8
16.Ne2 cxd4 17.Nxd4 a6 18.Ba4 Rac8 19.Ke2 b5 20.Bb3 Nc5 21.Rhc1 e5 22.Bxd5 Bxd5
23.b4 Na4 24.Nf5 Bc4+ 25.Ke1 Nb2 26.Ne7+ Kf8 27.Nxc8 Nd3+ 28.Kd2 Nxf2+ 29.Nd6 Rxd6+
30.Kc2 e4 31.a4 Nd3 32.Rcb1 exf3 33.gxf3 Ne5  0-1

[Event "ch-AUS"]
[Site "Adelaide AUS"]
[Date "2004.01.07"]
[Round "8"]
[White "Wright,N"]
[Black "Jovanovic,Pete"]
[Result "1/2-1/2"]
[WhiteElo "2149"]
[BlackElo "2068"]

1.d4 Nf6 2.c4 e6 3.Nc3 Bb4 4.Qc2 O-O 5.Bg5 c5 6.e3 h6 7.Bh4 cxd4 8.exd4 Nc6
9.Nf3 d5 10.O-O-O Be7 11.Rg1 Nb4 12.Qb3 a5 13.Ne5 Bd7 14.c5 b6 15.Nxd7 Nxd7
16.Bxe7 Qxe7 17.cxb6 Rab8 18.a3 Nc6 19.Nb5 Nxb6 20.a4 Nb4 21.Kb1 Rfc8 22.Na3 Qh4
23.Qg3 Qxg3 24.hxg3 Nxa4 25.Bb5 Nb6 26.Rc1 Kf8 27.Rc3 Ke7 28.Rgc1 Kd6 29.Rc5 Ke7
30.Rc7+ Rxc7 31.Rxc7+ Kf6 32.Ra7 Ra8 33.Rb7 Nc8 34.Rd7 Nb6  1/2-1/2

[Event "ch-AUS"]
[Site "Adelaide AUS"]
[Date "2004.01.07"]
[Round "8"]
[White "Rej,T"]
[Black "Charles,G"]
[Result "1-0"]
[WhiteElo "2242"]
[BlackElo "2171"]

1.d4 Nf6 2.c4 e6 3.Nc3 Bb4 4.Qc2 O-O 5.a3 Bxc3+ 6.Qxc3 b6 7.Bg5 Bb7 8.e3 d6
9.Ne2 Nbd7 10.Qd3 c5 11.Nc3 Re8 12.Rd1 cxd4 13.Qxd4 d5 14.cxd5 exd5 15.Bb5 Re7
16.O-O h6 17.Bh4 g5 18.Bg3 a6 19.Ba4 Re6 20.Bxd7 Qxd7 21.Be5 Qe7 22.Bxf6 Rxf6
23.Nxd5 Bxd5 24.Qxd5 Rc8 25.Rd2 Rfc6 26.Rfd1 Qf6 27.Qb3 Rc1 28.h3 b5 29.Kf1 R8c6
30.Kg1 Kg7 31.g3 Qf3 32.Qd5 Rxd1+ 33.Rxd1 Qxd5 34.Rxd5 Rc2 35.Rd6 a5 36.b4 a4
37.Rd3 Rc1+ 38.Kg2 Rb1 39.Kf3 Rb3 40.Ke4 Rb2 41.f4 Rh2 42.fxg5 hxg5 43.Rd5 Kg6
44.Kf3 Ra2 45.Rd3 Rh2 46.Rd6+ f6 47.e4 Kf7 48.Rd5 Ra2 49.Rd3 Rh2 50.Ke3 Rxh3
51.Kd4 Ke6 52.Kc5 Ke5 53.Kxb5 Kxe4 54.Rc3 f5 55.Kxa4 f4 56.b5 f3 57.b6 f2
58.Rc1 Rh7 59.Kb5 Kf3 60.a4 Kxg3 61.a5 Kg2 62.a6 Rh1 63.Rc2 Rb1+ 64.Kc6 Rxb6+
65.Kxb6 g4 66.a7 g3 67.a8=Q+ Kg1 68.Qf3 f1=Q 69.Qxg3+  1-0

[Event "TCh-BEL 2003-4"]
[Site "Belgium BEL"]
[Date "2004.01.11"]
[Round "6"]
[White "Levin,F"]
[Black "Marcelin,C"]
[Result "1-0"]
[WhiteElo "2486"]
[BlackElo "2464"]

1.d4 Nf6 2.c4 e6 3.Nc3 Bb4 4.Qc2 O-O 5.a3 Bxc3+ 6.Qxc3 b6 7.Bg5 Ba6 8.Qf3 Nc6
9.e3 h6 10.Bxf6 Qxf6 11.Qxf6 gxf6 12.Nf3 Ne7 13.Be2 d6 14.O-O-O Rac8 15.Rd2 Rfd8
16.Rhd1 Kf8 17.b4 c6 18.Kb2 Ke8 19.a4 c5 20.dxc5 dxc5 21.Rxd8+ Rxd8 22.Rxd8+ Kxd8
23.bxc5 bxc5 24.Nd2 Nc8 25.Ne4 Nb6 26.Kb3 Nd7 27.Nd6 Ke7 28.Nb5 Bxb5 29.cxb5 f5
30.a5 Kd6 31.Bh5 f6 32.Be8 Ne5 33.b6 axb6 34.axb6 Ng4 35.Kc4 Nxf2 36.Kb5 Nd3
37.g3 Nb4 38.Ka5 Nd5 39.Ka6 Nxb6 40.Kxb6 c4 41.Ba4 c3 42.Bc2 Kd5 43.Kc7  1-0

[Event "Winter Open"]
[Site "Belgrade SCG"]
[Date "2004.01.22"]
[Round "2"]
[White "Petrovic,Pe"]
[Black "Zmijanac,D"]
[Result "1-0"]
[WhiteElo "2124"]
[BlackElo "2244"]

1.d4 Nf6 2.c4 e6 3.Nc3 Bb4 4.Qc2 O-O 5.Bg5 h6 6.Bxf6 Qxf6 7.Nf3 c5 8.a3 Ba5
9.e3 Nc6 10.Rd1 cxd4 11.exd4 Bxc3+ 12.Qxc3 d5 13.Ne5 Nxe5 14.dxe5 Qg5 15.g3 b6
16.f4 Qf5 17.Bg2 Ba6 18.cxd5 Rac8 19.Qd4 exd5 20.Kf2 Rfd8 21.Rd2 g5 22.b3 gxf4
23.Qxf4 Qxf4+ 24.gxf4 d4 25.Be4 Rc3 26.Rg1+ Kf8 27.Bc2 Ke7 28.Rg3 d3 29.Bd1 Bc8
30.Ke3 Be6 31.Rb2 d2+ 32.Kf2 Rxg3 33.hxg3 Bg4 34.Bxg4 d1=Q 35.Bxd1 Rxd1  1-0

[Event "Open"]
[Site "Praha CZE"]
[Date "2004.01.22"]
[Round "8"]
[White "Neuman,P"]
[Black "Madjidov,J"]
[Result "1/2-1/2"]
[WhiteElo "2445"]
[BlackElo "2164"]

1.d4 Nf6 2.c4 e6 3.Nc3 Bb4 4.Qc2 O-O 5.a3 Bxc3+ 6.Qxc3 b6 7.Bg5 Bb7 8.e3 d6
9.f3 Nbd7 10.Bd3 h6 11.Bh4 c5 12.Ne2 Rc8 13.Qb3 cxd4 14.exd4 d5 15.O-O dxc4
16.Bxc4 a6 17.Rac1 b5 18.Bd3 Qb6 19.Bf2 Nd5 20.Bb1 N7f6 21.Ng3 Rxc1 22.Rxc1 Rc8
23.Rc5 Qa5 24.Qc2 Qd8 25.h3 g6 26.Qd2 Kg7 27.Ne4 Nxe4 28.Bxe4 Qg5 29.Be3 Qxe3+
30.Qxe3 Nxe3 31.Bxb7 Rd8 32.Bxa6 Rxd4 33.Rc3 Nd5 34.Rb3 b4 35.Bd3 bxa3 36.bxa3 Nf4
37.Bf1 Rd2 38.a4 Ra2 39.Rb4 Nd5 40.Rd4 Nc3 41.Bb5 Nxb5 42.axb5 Rb2 43.h4 Rxb5
44.Kh2 g5 45.hxg5 hxg5 46.g4 f5 47.gxf5 Rxf5 48.Kg3 Kf6 49.Ra4 Rd5 50.Ra3 Rd4
51.Rb3  1/2-1/2

[Event "Itau Cup 450th Ann"]
[Site "Sao Paulo BRA"]
[Date "2004.01.24"]
[Round "9"]
[White "Santos,MVM"]
[Black "D'Israel,D"]
[Result "1/2-1/2"]
[WhiteElo "2311"]
[BlackElo "2291"]

1.d4 Nf6 2.c4 e6 3.Nc3 Bb4 4.Qc2 O-O 5.a3 Bxc3+ 6.Qxc3 b6 7.Bg5 Bb7 8.f3 d6
9.e3 Nbd7 10.Bd3 c5 11.Ne2 Rc8 12.b4 Ba6 13.dxc5 bxc5 14.b5 Bb7 15.O-O d5
16.cxd5 Nxd5 17.Bxd8 Nxc3 18.Bh4 Na4 19.Bc2 Ndb6 20.Rfd1 a6 21.Bxa4 Nxa4
22.Rd7 Bd5 23.bxa6 Bc4 24.Kf2 Bxa6 25.Ra7  1/2-1/2

[Event "1st WinTV Open"]
[Site "Chennai IND"]
[Date "2004.01.27"]
[Round "8"]
[White "Vaidya,C"]
[Black "Phoobalan,P"]
[Result "0-1"]
[WhiteElo "2107"]
[BlackElo "2242"]

1.d4 Nf6 2.c4 e6 3.Nc3 Bb4 4.Qc2 O-O 5.a3 Bxc3+ 6.Qxc3 b6 7.Bg5 Bb7 8.Nf3 d6
9.Nd2 Nbd7 10.e4 h6 11.h4 Re8 12.Be3 Nxe4 13.Nxe4 Bxe4 14.f3 Bh7 15.O-O-O e5
16.dxe5 Nxe5 17.Bd4 Qf6 18.b3 Rad8 19.Kb2 c5 20.Bf2 Qf5 21.Bg3 Qg6 22.Bf4 d5
23.h5 Qf5 24.Bxe5 d4 25.Bxd4 Rxd4 26.g4 Qf6 27.Rxd4 cxd4 28.Qd2 d3+  0-1

[Event "TCh-FRA Nat1 GpA"]
[Site "Nancy FRA"]
[Date "2004.01.30"]
[Round "1"]
[White "Doettling,F"]
[Black "Schenk,A"]
[Result "1/2-1/2"]
[WhiteElo "2532"]
[BlackElo "2499"]

1.d4 Nf6 2.c4 e6 3.Nc3 Bb4 4.Qc2 O-O 5.a3 Bxc3+ 6.Qxc3 b6 7.Bg5 Ba6 8.Qf3 Nc6
9.e3 Na5 10.Rc1 c5 11.Qd1 d5 12.cxd5 Bxf1 13.Kxf1 Qxd5  1/2-1/2

[Event "TCh-FRA Nat1 GpB"]
[Site "Cannes FRA"]
[Date "2004.01.31"]
[Round "2"]
[White "Dorfman,J"]
[Black "Lepelletier,B"]
[Result "1/2-1/2"]
[WhiteElo "2608"]
[BlackElo "2450"]

1.d4 Nf6 2.c4 e6 3.Nc3 Bb4 4.Qc2 O-O 5.a3 Bxc3+ 6.Qxc3 d6 7.Bg5 Nbd7 8.e3 e5
9.f3 Re8 10.Ne2 h6 11.Bh4 Nf8 12.O-O-O Qe7 13.Qc2 exd4 14.exd4 Ng6 15.Bf2 d5
16.Nc3 Be6 17.c5 Nd7 18.h4 b6 19.h5 Ngf8 20.Bh4 f6 21.cxb6 Nxb6 22.Bf2 c6
23.Bd3 Nc4 24.Bxc4 dxc4 25.d5 cxd5 26.Nxd5 Qf7 27.Nc3 Nd7 28.Bd4 Rec8 29.Qe4 Nf8
30.g4 Rab8  1/2-1/2

[Event "TCh-CZE Extraliga 2003-4"]
[Site "Czech Rep CZE"]
[Date "2004.02.07"]
[Round "6"]
[White "Studnicka,T"]
[Black "Bernasek,J"]
[Result "1/2-1/2"]
[WhiteElo "2334"]
[BlackElo "2381"]

1.d4 Nf6 2.c4 e6 3.Nc3 Bb4 4.Qc2 O-O 5.e4 d5 6.e5 Ne4 7.Bd3 f5 8.cxd5 exd5
9.Ne2 c5 10.O-O c4 11.Bxe4 fxe4 12.Nxe4 Bf5 13.Qa4 Nc6 14.N4g3 Bd3 15.Be3 Qe8
16.Qd1 h5 17.f4 h4 18.Nh1 Ba5 19.Nf2 Bf5 20.Nc3 Rd8 21.Qf3 Qe6 22.Qh5 Nb4
23.Rad1 Nc2 24.Qe2 Qg6 25.Qf3 Bxc3 26.bxc3 b5 27.Bd2 b4 28.g4 hxg3 29.hxg3 b3
30.axb3 cxb3 31.Bc1 a5 32.g4 a4 33.Qg2 a3 34.gxf5 Qxg2+ 35.Kxg2 b2 36.Bxb2 axb2
37.Nd3 Ne3+ 38.Kf3 Nxf1 39.Rxf1 Rb8 40.Rb1 Rb3 41.Rxb2 Rxc3 42.Rd2 Rxf5 43.Kg4 Rf8
44.f5 Ra8 45.Nf4 Ra1 46.Nxd5 Rg1+ 47.Kf4 Rf1+ 48.Ke4 Re1+ 49.Kf4 Rf1+  1/2-1/2

[Event "5th Montenegro Open"]
[Site "Sozina SCG"]
[Date "2004.02.19"]
[Round "2"]
[White "Kharitonov,Alexa"]
[Black "Vukanovic,S"]
[Result "1/2-1/2"]
[WhiteElo "2461"]
[BlackElo "2351"]

1.d4 Nf6 2.c4 e6 3.Nc3 Bb4 4.Qc2 O-O 5.a3 Bxc3+ 6.Qxc3 Ne4 7.Qc2 f5 8.g3 b6
9.Bg2 Bb7 10.Nf3 Nf6 11.O-O Be4 12.Qc3 Qe8 13.b4 d6 14.Bb2 Nbd7 15.Rfd1 Qe7
16.Bf1 Rae8 17.d5 f4 18.dxe6 Qxe6 19.Bg2 fxg3 20.hxg3 Qe7 21.Rd4 Bb7 22.Re1 Ne4
23.Qb3 c5 24.Rdd1 Ndf6 25.Bh3 Qf7 26.Bxf6 Qxf6 27.Rd3 Ng5  1/2-1/2

[Event "5th Montenegro Open"]
[Site "Sozina SCG"]
[Date "2004.02.19"]
[Round "2"]
[White "Drasko,M"]
[Black "Barnaure,V"]
[Result "1/2-1/2"]
[WhiteElo "2467"]
[BlackElo "2378"]

1.d4 Nf6 2.c4 e6 3.Nc3 Bb4 4.Qc2 O-O 5.a3 Bxc3+ 6.Qxc3 b6 7.Bg5 Ba6 8.Qf3 Nc6
9.e3 h6 10.Bh4 Na5 11.Rc1 c5 12.Bxf6 Qxf6 13.Qxf6 gxf6 14.d5 Rfe8 15.Nh3 Kf8
16.Nf4 Rac8 17.Be2 Nb7 18.f3 f5 19.Kf2 Nd6 20.h3 Ke7 21.g4 Rg8 22.a4 Rg5
23.b3 Bb7 24.h4 Rgg8 25.gxf5 Nxf5 26.Bd3 Nd6 27.e4 e5 28.Nh5 Rg6 29.f4 f6
30.Rcg1 Rcg8 31.Rxg6 Rxg6 32.Kf3 a5 33.fxe5 fxe5 34.Bf1 Ne8 35.Bh3 Rg8 36.Ke3 Ng7
37.d6+ Kxd6 38.Rd1+ Kc6 39.Nf6 Rd8 40.Nxd7 Kc7 41.Rg1 Nh5 42.Bg4  1/2-1/2

[Event "5th Montenegro Open"]
[Site "Sozina SCG"]
[Date "2004.02.21"]
[Round "4"]
[White "Drasko,M"]
[Black "Rama,L"]
[Result "1/2-1/2"]
[WhiteElo "2467"]
[BlackElo "2335"]

1.d4 Nf6 2.c4 e6 3.Nc3 Bb4 4.Qc2 O-O 5.a3 Bxc3+ 6.Qxc3 d6 7.Bg5 h6 8.Bh4 g5
9.Bg3 Ne4 10.Qc2 f5 11.e3 Qf6 12.Bd3 Nxg3 13.hxg3 e5 14.Qc3 exd4 15.exd4 c5
16.Ne2  1/2-1/2

[Event "53rd ch-BUL w"]
[Site "Sofia BUL"]
[Date "2004.02.25"]
[Round "9"]
[White "Doncheva,M"]
[Black "Georgieva,Li"]
[Result "1/2-1/2"]
[WhiteElo "2065"]
[BlackElo "2245"]

1.d4 Nf6 2.c4 e6 3.Nc3 Bb4 4.Qc2 O-O 5.a3 Bxc3+ 6.Qxc3 b6 7.f3 Bb7 8.Bg5 Na6
9.Nh3 h6 10.Bh4 d6 11.e3 Qe7 12.Bd3 Rac8 13.Nf2 Rfe8 14.Ng4 Nd5 15.Bxe7 Nxc3
16.Bh4 Na4 17.b3 f5 18.Nf2 c5 19.bxa4 g5 20.Bg3 cxd4 21.Bxd6 dxe3 22.Nd1 Red8
23.c5 bxc5 24.Bxa6 Bxa6 25.Be5 Rd2 26.Nc3 Rxg2 27.Rd1 Rc6 28.a5 Rc8 29.h4 g4
30.fxg4 Rxg4 31.Ne2 c4 32.Rg1 Rxg1+ 33.Nxg1 c3 34.Rc1 c2 35.Bf4 Rc4 36.Bxe3 f4
37.Bxa7 e5 38.Kd2 e4 39.Rxc2 e3+ 40.Kc1 e2 41.Nxe2 Rxc2+ 42.Kxc2 Bxe2 43.Kc3 Kf7
44.Kd4 Ke6 45.Bb8 f3 46.Bg3 h5 47.Kc5 Kd7 48.Kb6 f2 49.Bxf2 Kc8 50.Bg3 Bf3
51.a6 Be4 52.Kc5 Bd3  1/2-1/2

[Event "11th Metalis Open"]
[Site "Bizovac CRO"]
[Date "2004.02.26"]
[Round "2"]
[White "Medic,Mir"]
[Black "Zelcic,R"]
[Result "0-1"]
[WhiteElo "2256"]
[BlackElo "2524"]

1.d4 Nf6 2.c4 e6 3.Nc3 Bb4 4.Qc2 O-O 5.a3 Bxc3+ 6.Qxc3 Ne4 7.Qc2 f5 8.Nh3 d6
9.f3 Nf6 10.e3 e5 11.dxe5 dxe5 12.Bd2 Nc6 13.Nf2 f4 14.O-O-O fxe3 15.Bxe3 Nd4
16.Bxd4 exd4 17.c5 Kh8 18.Qc4 Qe7 19.Bd3 Qe3+ 20.Rd2 Be6 21.Qc2 Bg8 22.Ne4 b6
23.Kb1 Nxe4 24.Bxe4 Rad8 25.Rd3 Qf4 26.Rhd1 Qe5 27.c6 Rd6 28.Qa4 a5 29.g3 h6
30.Qc2 Rfd8 31.Qf2 b5 32.b3 a4 33.b4 Bc4 34.Qd2 Qf6 35.Rc1 Re8 36.Qd1 Rxe4
37.fxe4 Qe5 38.Rf3 Qxe4+ 39.Kb2 d3 40.Rf8+ Kh7 41.Qd2 Re6 42.Rf4 Qxc6 43.Rf2 Qe8
44.Rcf1 Re4 45.Kb1 Qe5 46.Rc1 c5 47.bxc5 Qxc5 48.Qb2 Qe7 49.Rd2 Bf7 50.Rxd3 Re2
51.Rd2 Rxd2 52.Qxd2 Qxa3  0-1